<?xml version="1.0" encoding="UTF-8"?>
<record
    xmlns:xsi="http://www.w3.org/2001/XMLSchema-instance"
    xsi:schemaLocation="http://www.loc.gov/MARC21/slim http://www.loc.gov/standards/marcxml/schema/MARC21slim.xsd"
    xmlns="http://www.loc.gov/MARC21/slim">

  <leader>01111nam a22002537a 4500</leader>
  <controlfield tag="005">20170124102944.0</controlfield>
  <datafield tag="010" ind1=" " ind2=" ">
    <subfield code="a">A-718054</subfield>
  </datafield>
  <datafield tag="020" ind1=" " ind2=" ">
    <subfield code="c">70.00</subfield>
  </datafield>
  <datafield tag="035" ind1=" " ind2=" ">
    <subfield code="a">A-718054</subfield>
  </datafield>
  <datafield tag="037" ind1=" " ind2=" ">
    <subfield code="b">Cen Lib/Ret</subfield>
  </datafield>
  <datafield tag="040" ind1=" " ind2=" ">
    <subfield code="a">DPL</subfield>
    <subfield code="b">HN</subfield>
  </datafield>
  <datafield tag="082" ind1=" " ind2=" ">
    <subfield code="a">821</subfield>
    <subfield code="b">&#x91C;&#x94B;&#x936;&#x940;&#x936;&#x94D;&#x930;&#x940;</subfield>
  </datafield>
  <datafield tag="100" ind1=" " ind2=" ">
    <subfield code="a">&#x91C;&#x94B;&#x936;&#x940;, &#x936;&#x94D;&#x930;&#x940;&#x915;&#x93E;&#x928;&#x94D;&#x924;</subfield>
    <subfield code="9">42810</subfield>
  </datafield>
  <datafield tag="245" ind1=" " ind2=" ">
    <subfield code="a">&#x936;&#x92C;&#x94D;&#x926; &#x935;&#x947; &#x932;&#x94C;&#x91F;&#x947;&#x902;&#x917;&#x947; &#x928;&#x93F;&#x936;&#x94D;&#x91A;&#x92F; /</subfield>
    <subfield code="c">&#x936;&#x94D;&#x930;&#x940;&#x915;&#x93E;&#x928;&#x94D;&#x924; &#x91C;&#x94B;&#x936;&#x940;</subfield>
  </datafield>
  <datafield tag="246" ind1=" " ind2=" ">
    <subfield code="a">Shabd ve lautenge nishchay /</subfield>
    <subfield code="b">by Shrikant Joshi </subfield>
  </datafield>
  <datafield tag="260" ind1=" " ind2=" ">
    <subfield code="a">&#x928;&#x908; &#x926;&#x93F;&#x932;&#x94D;&#x932;&#x940; </subfield>
    <subfield code="b">&#x92D;&#x93E;&#x930;&#x924;&#x940;&#x92F; &#x91C;&#x94D;&#x91E;&#x93E;&#x928;&#x92A;&#x940;&#x920; </subfield>
    <subfield code="c">1995</subfield>
  </datafield>
  <datafield tag="270" ind1=" " ind2=" ">
    <subfield code="a">18, &#x907;&#x902;&#x938;&#x94D;&#x91F;&#x940;&#x91F;&#x92F;&#x941;&#x936;&#x94D;&#x928;&#x932;  &#x90F;&#x930;&#x93F;&#x92F;&#x93E;, &#x932;&#x94B;&#x927;&#x940; &#x930;&#x94B;&#x921; </subfield>
    <subfield code="b">&#x928;&#x908; &#x926;&#x93F;&#x932;&#x94D;&#x932;&#x940; </subfield>
    <subfield code="e">110003</subfield>
  </datafield>
  <datafield tag="300" ind1=" " ind2=" ">
    <subfield code="a">104&#x92A;&#x943;.</subfield>
    <subfield code="c">21&#x938;&#x947;&#x92E;&#x940;(&#x938;&#x91C;&#x93F;&#x932;&#x94D;&#x926;)</subfield>
  </datafield>
  <datafield tag="650" ind1=" " ind2=" ">
    <subfield code="a">&#x939;&#x93F;&#x902;&#x926;&#x940; &#x938;&#x93E;&#x939;&#x93F;&#x924;&#x94D;&#x92F;</subfield>
    <subfield code="9">49399</subfield>
  </datafield>
  <datafield tag="650" ind1=" " ind2=" ">
    <subfield code="a">&#x939;&#x93F;&#x902;&#x926;&#x940; &#x938;&#x93E;&#x939;&#x93F;&#x924;&#x94D;&#x92F; --  &#x915;&#x935;&#x93F;&#x924;&#x93E;</subfield>
    <subfield code="9">3490</subfield>
  </datafield>
  <datafield tag="650" ind1=" " ind2=" ">
    <subfield code="a">Hindi literature </subfield>
    <subfield code="9">49400</subfield>
  </datafield>
  <datafield tag="650" ind1=" " ind2=" ">
    <subfield code="a">Hindi literature -- Poetry</subfield>
    <subfield code="9">49401</subfield>
  </datafield>
  <datafield tag="942" ind1=" " ind2=" ">
    <subfield code="2">ddc</subfield>
    <subfield code="c">HN</subfield>
    <subfield code="h">821</subfield>
    <subfield code="m">&#x91C;&#x94B;&#x936;&#x940;&#x936;&#x94D;&#x930;&#x940;</subfield>
  </datafield>
  <datafield tag="999" ind1=" " ind2=" ">
    <subfield code="c">112840</subfield>
    <subfield code="d">112840</subfield>
  </datafield>
  <datafield tag="952" ind1=" " ind2=" ">
    <subfield code="0">0</subfield>
    <subfield code="1">0</subfield>
    <subfield code="4">0</subfield>
    <subfield code="7">0</subfield>
    <subfield code="a">L</subfield>
    <subfield code="b">L</subfield>
    <subfield code="d">2015-08-10</subfield>
    <subfield code="e">Cen Lib/Ret</subfield>
    <subfield code="g">70.00</subfield>
    <subfield code="l">0</subfield>
    <subfield code="o">821 &#x91C;&#x94B;&#x936;&#x940;&#x936;&#x94D;&#x930;&#x940;</subfield>
    <subfield code="p">A-718054</subfield>
    <subfield code="r">2015-08-10 00:00:00</subfield>
    <subfield code="t">1</subfield>
    <subfield code="v">70.00</subfield>
    <subfield code="w">2015-08-10</subfield>
    <subfield code="y">HN</subfield>
  </datafield>
</record>
